[Event "Rumburk op"]
[Site "Rumburk"]
[Date "2006.07.05"]
[Round "3"]
[White "Dalecky, Bretislav"]
[Black "Volf, Vladislav"]
[Result "1-0"]
[WhiteElo "2128"]
[BlackElo "1963"]
[PlyCount "135"]
[EventDate "2006.07.03"]
[EventType "swiss"]
[EventRounds "9"]
[EventCountry "CZE"]
[SourceTitle "EXT 2008"]
[Source "ChessBase"]
[SourceDate "2007.11.25"]
[SourceVersion "1"]
[SourceVersionDate "2007.11.25"]
[SourceQuality "1"]

1. e4 d6 2. d4 Nf6 3. Nc3 g6 4. g3 Bg7 5. Bg2 Nc6 6. Nge2 0-0 7. h3 Bd7 8. 0-0 Qc8 9. Kh2 Rb8 10. Be3 a6 11. f4 Kh8 12. e5 Ng8 13. Qd2 Na5 14. b3 b6 15. Rad1 c6 16. Bf2 d5 17. Na4 Qc7 18. Nb2 b5 19. Nd3 Nb7 20. g4 f5 21. exf6 exf6 22. Bg3 f5 23. g5 Nd6 24. Ne5 Ne7 25. Qb4 Be8 26. h4 a5 27. Qe1 Ne4 28. h5 gxh5 29. Bf3 Rb7 30. Nd3 Ra7 31. Kg2 Ng6 32. Rh1 Nxg3 33. Qxg3 h4 34. Qf2 Rf7 35. Bh5 Re7 36. Bxg6 Bxg6 37. Ne5 Kg8 38. Ng1 Qd6 39. Ngf3 Kf8 40. Nxh4 Ke8 41. Rh3 Kd8 42. Qd2 Re6 43. Re1 Bxe5 44. fxe5 Qb4 45. c3 Qf8 46. Rf1 f4 47. Qxf4 Qxf4 48. Rxf4 Be4+ 49. Kf2 Rg7 50. Rg3 Bb1 51. a3 Bc2 52. Rf8+ Re8 53. Rf6 Kc7 54. Nf5 Bxf5 55. Rxf5 Reg8 56. Rh3 b4 57. cxb4 axb4 58. a4 c5 59. dxc5 Kc6 60. Ke3 Kxc5 61. Kf4 Kd4 62. e6 Re7 63. Rf6 Kc5 64. Kf5 Rge8 65. Rhh6 Kd4 66. Rf7 Kc3 67. Rh3+ Kb2 68. Rxe7 1-0